000 00246nmm a2200085Ia 4500
008 220120s9999||||xx |||||||||||||||||und||
100 _aPCQ
245 0 _aPCQ-OCT : 15 game development software, 6 full ebooks, 15 ho
260 _aCyber tach publication
999 _c139703
_d139703